000 01071nam a22003371i 4500
001 21193
003 CZ PrNK
005 20260224143511.0
007 ta
008 010401s1977 xr a g 000 p slo
015 _acnb001012266
020 _q(Vázáno) :
_cKčs 25,00
040 _aABA001
_bcze
_cABA001
_dABA001
_erda
044 _axr
_axo
072 7 _a821.162.4
_xSlovenská literatura
_2Konspekt
080 _a821.162.4-1
_2MRF
080 _a(0:82-1)
_2MRF
100 1 _aKostra, Ján,
_d1910-1975
_4aut
_4ill
245 1 0 _aAve Eva /
_cJán Kostra ; kresby Ján Kostra
250 _aVydanie piate (v Smene prvé)
264 1 _aBratislava :
_bSmena ;
_a[Praha] :
_bMladá fronta :
_bNaše vojsko,
_c1977
300 _a239 stran, 16 nečíslovaných listů obrazových příloh :
_bilustrace ;
_c21 cm
336 _atext
_btxt
_2rdacontent
337 _abez média
_bn
_2rdamedia
338 _asvazek
_bnc
_2rdacarrier
490 1 _aMáj ;
_vzväzok 286
655 7 _aslovenská poezie
_2czenas
830 0 _aMáj (Smena)
910 _aABA001
942 _2ddc
_cKLDO
_n0
999 _c21193
_d21193